Music Quiz

Random Music or Bands Quiz

Marilyn manson band members Quiz Stats

 Plays Quiz not verified by Sporcle

Challenge
Share
Tweet
Embed
Score 0/10 Timer 02:00
0 Plays Today
% Correct
John 5
84.4%
Ginger Fish
78.1%
Madonna Wayne Gacy
71.9%
Zim Zum
64.1%
Daisy Berkowitz
53.1%
Gidget Gein
51.6%
Sara Lee Lucas
40.6%
Olivia Newton Bundy
39.1%
Zsa Zsa Speck
37.5%
Twiggy Rmirez
12.5%

You're not logged in!

Compare scores with friends on all Sporcle quizzes.
Join for Free
OR
Log In

You Might Also Like...

Show Comments

Extras

Created Nov 6, 2010ReportNominate
Tags:Bands Quiz, manson, marilyn, past, present

Top Quizzes Today


Score Distribution

Your Account Isn't Verified!

In order to create a playlist on Sporcle, you need to verify the email address you used during registration. Go to your Sporcle Settings to finish the process.

Report this User

Report this user for behavior that violates our Community Guidelines.

Details: